000 00607nam a22001817a 4500
005 20220420094721.0
008 220420b2 m ||||| |||| 00| 0 m d
020 0 0 _a9780992742898
_cRM 92.00
040 _aAKMAL
082 0 0 _a797.21 YOU
090 0 0 _a797.21
_bYOU
100 _aMark Young
_99433
245 1 0 _aThe Complete Beginners Guide To Swimming :
_bProfessional guidance and support to help you throught every stage of learning how to swim.
_c Mark young
260 0 0 _aUnited Kingdom
_bEducate & Learn Publishing
_c2016
300 _a282 pg
_bill
_c25cm
650 0 0 _aSwimming
_99434
942 _2ddc
_cBOOK
999 _c4950
_d4950